000 00793nam a22002177a 4500
003 UA-OsUOA
001 112657
007 ta
008 20150720b un ||||| |||| 00| 0 ukr d
100 _aВойтович Н.
090 _a659
_bВ65
942 _cSA
040 _aUA-OsUOA
_bukr
_cUA-OsUOA
_dUA-OsUOA
245 _aОсобливості політичної реклами в ЗМІ України
300 _aС.57-60
955 _a0
041 _aukr
080 _a659
773 0 _w112656
_tПрограма психологічного супроводу обдарованих дітей
_dЛьвів
_d2015
_g1
650 7 _a659 Реклама. Система інформації. Громадська інформація та реклама (Паблик-Рилейшнз)
_2UDC
999 _c399041
_d399041